| 000 | 00899nam a22002897a 4500 | ||
|---|---|---|---|
| 001 | 0011766 | ||
| 003 | DO-SdBPM | ||
| 005 | 20260310130837.0 | ||
| 007 | ta | ||
| 008 | 161115b2004 sp |||| 00| 0 spa d | ||
| 020 | _a9788420448336 | ||
| 020 | _a8420448338 | ||
| 040 |
_aDO-SdBPM _bspa _cBPMSU _erda |
||
| 082 | 0 | 4 |
_a863.6 _bR829A 2004 _222 |
| 100 | 1 |
_aRossetti, Ana _d1950- _eautor _4aut. |
|
| 245 | 1 | 0 |
_aAlex, Luisito el osito y un montón de huevos fritos / _cAna Rossetti ; ilustraciones de Ximena Maier. |
| 250 | _a5ta ed. | ||
| 264 |
_aMéxico : _bAlfaguara, _c2004. |
||
| 300 |
_a37 p. : _bil. ; _c19 cm. |
||
| 490 | 0 | _aPróxima parada Alfaguara. | |
| 590 | _aInvetariado, 2026/VM | ||
| 650 | 7 | _aCuentos infantiles españoles | |
| 650 | 7 | _aLibros ilustrados para niños | |
| 700 | 1 |
_aMaier, Ximena, _eilustración |
|
| 910 | _aVMateo V. Control de calidad. BPMSU | ||
| 942 |
_2ddc _cBK |
||
| 999 |
_c11955 _d11955 |
||